000 00560cam a22002053a 4500
001 33579
003 PGUSA
005 20140828083727.0
008 100830s2010||||xxu|||||s|||||000 | eng d
040 _aPGUSA
_beng
042 _adc
100 1 _aCrane, Stephen,
_d1871-1900
245 1 0 _aLast Words
_h[electronic resource] /
_cStephen Crane
260 _bProject Gutenberg,
_c2010
506 _aPublic domain in the USA.
516 _aElectronic text
830 0 _aProject Gutenberg
_v33579
856 4 0 _uhttp://www.gutenberg.org/ebooks/33579
942 _cEB
999 _c262834
_d262834